000
00300nam a2200133Ia 4500
100
_a
Arkhangelsky/ V. & others
942
_c
BK
654
_a
Motor vehicles
245
_a
Motor Vehicles Engines
260
_b
Mir Publishers
_a
Moscow
_c
1976
082
_a
629.25
300
_a
619
546
_a
ENGLISH
999
_c
24058
_d
24058